Efectos psicosociales de la violencia política: trauma, memoria y reparación /

Сохранить в:
Библиографические подробности
Главный автор: Piper Shafir, Isabel
Корпоративные авторы: Consejo Latinoamericano de Ciencias Sociales, CLACSO Universidad ARCIS. CIS
Другие авторы: Quintanilla, Javier Kuzmicic, Ivania
Формат: Текст
Опубликовано: Buenos Aires: Campo Virtual
Редактирование:0
Предметы:
Метки: Добавить метку
Нет меток, Требуется 1-ая метка записи!

MARC

LEADER 00000 a a2200000 04500
001 28972
003
040
090 |a 190300  |b RECURSO ELECTRONICO  
100 |a Piper Shafir, Isabel  
110 |a Consejo Latinoamericano de Ciencias Sociales  
245 |a Efectos psicosociales de la violencia política: trauma, memoria y reparación /  |c Consejo Latinoamericano de Ciencias Sociales  
250 |a 0  
260 |a Buenos Aires:   |b Campo Virtual  
500 |a Incluye programa, y 10 documentos de la bibliografía  
650 |a VIOLENCIA  
650 |a CONSECUENCIAS SOCIALES  
650 |a MEMORIA SOCIAL  
650 |a CURSOS  
650 |a DOCUMENTOS ELECTRONICOS  
650 |a PROGRAMA DE ESTUDIOS  
650 |a AMERICA LATINA  
700 |a Quintanilla, Javier   |a Kuzmicic, Ivania  
710 |a CLACSO   |a Universidad ARCIS. CIS  
999 |c 12211  |d 12211